LotR: Lament for Boromir - Statistics

General Stats
  • This quiz has been taken 30 times
  • The average score is 14 of 28
Answer Stats
Answer % Correct
The {West} wind comes walking, and about the walls it goes.
93%
From the mouths of the Sea the {South} wind flies, from the sandhills and the stones;
80%
The North Wind may have heard the horn of the son of {Denethor}'
73%
'Beneath Amon Hen I heard his {cry}. There many foes he fought.
67%
'O {Boromir}! Beyond the gate the seaward road runs south,
67%
Where now is Boromir the {Fair}? He tarries and I grieve.'
60%
Have you seen Boromir the {Tall} by moon or by starlight?'
53%
His cloven shield, his broken sword, they to the {water} brought.
53%
His Head so proud, his face so fair, his limbs they laid to {rest};
53%
Into the {shadows} of the North. I saw him then no more.
53%
'O Boromir! The Tower of {Guard} shall ever northward gaze
53%
So many have passed down {Anduin} to find the flowing Sea
53%
'What news from the west, O {wandering} wind, do you bring to me tonight?
53%
And {Rauros}, golden {Rauros}-falls, bore him upon its breast'
47%
I saw him walk in {empty} lands, until he passed away
47%
The wailing of the {gulls} it bears, and at the gate it moans.
47%
Through {Rohan} over fen and field where the long grass grows
47%
To {Rauros}, golden {Rauros}-falls, until the end of days.'
47%
'What news from the North, O {mighty} wind, do you bring to me today?
47%
'Ask not of me where he doth dwell - many {bones} there lie
40%
'I saw him ride over {seven} streams, over waters wide and grey;
40%
On the white shores and the dark shores under the {stormy} sky;
40%
'What news from the South, O {sighing} wind, do you bring to me at eve?
40%
What news of Boromir the {Bold}? For he is long away.'
40%
And clear and cold about the {tower} its loud horn calls.
33%
Ask of the North Wind news of them the North Wind {sends} to me!'
33%
From the gate of {Kings} the North Wind rides, and past the roaring falls;
27%
But you came not with the wailing gulls from the {grey} sea's mouth.'
13%
No matching quizzes found
Score Distribution
Percent of People with Each Score
Percentile by Number Answered
Your Score History
You have not taken this quiz